| 000 | 00851 a2200241 4500 | ||
|---|---|---|---|
| 005 | 20140908093614.0 | ||
| 008 | 131203s2001 mx ||||fr|||| 00| 0 spa d | ||
| 020 | _a9701851897 | ||
| 020 | _a9789701851890 | ||
| 040 |
_aCOo-BoUCM _bspa _cJose A. Gerena _dDiana Londoño |
||
| 041 | 0 | 0 | _aspa |
| 100 | 1 |
_aHeinich, Nathalie _950804 |
|
| 245 | 1 | 3 |
_aLo que el arte aporta a la sociología _cNathalie Heinich ; traducción de Hilda Trujillo Soto |
| 260 |
_c2001 _bConaculta _bSello bermejo _aMéxico D.F. (México) |
||
| 300 | _a75 páginas | ||
| 504 | _aIncluye referencias bibliográficas | ||
| 650 | 7 |
_99532 _aArte y sociedad |
|
| 690 | _aSociología | ||
| 700 | 1 |
_aTrujillo Soto, Hilda _etraductor _951960 |
|
| 765 | 1 | _tCe que l'art fait á la sociologie | |
| 942 |
_a5 _cLIBRO _e1 _mH468 _2DEWEY _h306.47 |
||
| 999 |
_c182482 _d182482 |
||